00241nam a2200109Ia 4500008004100000100001800041245002100059260001800080650001100098942000700109999001500116190216s9999||||xx |||||||||||||| ||und|| aKuruvilla O J 0aManual Of Botany bShany & Bros. aBotany cBK c1016d1016